Statistiques concernant Villes du Monde en G (Difficile)

Cliquez ici pour prendre le quiz!

Statistiques générales

  • Ce quiz a été pris 90 fois
  • Le résultat moyen est 6 sur 20

Statistiques - réponses

HintRéponse% Correct
Ville polonaise des chantiers navals LénineGdansk
87%
Cinquième ville suédoiseGöteborg
79%
Capitale de l'Etat de Jalisco, au MexiqueGuadalajara
72%
Capitale de la région autonome de TchétchénieGrozny
55%
Ville côtière des Asturies de 300 000 habitantsGijon
35%
Station de ski située dans les Vosges, connu pour son télésiège à grande vitesseGérardmer
34%
Ville turque de 1,9 millions d'habitants, proche de la frontière syrienneGaziantep
32%
Ville du Val d'Oise située dans l'arrondissement de SarcellesGonesse
27%
Grande ville biélorusse, chef-lieu de la voblast de Homiel, son autre nomGomel
26%
Ville de 150 000 habitants au nord-ouest de la Hongrie, sur les rives du DanubeGyör
23%
Ville varoise entre Saint-Tropez et Sainte-MaximeGrimaud
22%
Autre grande ville polonaise un peu plus au nordGdynia
21%
Ville portugaise de 160 000 habitants du district de BragaGuimarães
20%
Plus grande ville de l'Etat de Goias, au BrésilGoiânia
17%
De la même manière que la question précédente, mais avec celle de HrodnaGrodno
15%
Ville de 140 000 habitants sur l'île de Sulawesi, en IndonésieGorontalo
5%
Ancien nom de la ville groenlandaise de QeqertarsuaqGothavn
4%
Ville islandaise située sur une île juste au delà du cercle polaireGrimsey
4%
Ville-oasis libyenne située juste au sud de la pointe tunisienneGhadamès
2%
Ville de 650 000 habitants en Inde, chef-lieu de son district de l'Andhra PradeshGuntur
2%

Distribution des résultats

Percentile par nombre de réponses

% des personnes avec chaque résultat

Votre développement - résultats

Vous n’avez pas pris ce quiz